000 00295nam a22001337a 4500
008 171011b xxu||||| |||| 00| 0 eng d
020 _a9780136538257
041 _aeng
080 _24TH
_a316
100 _a50
101 _aSOC
245 _aSOCIETY THE BASICS
_cMACIONIS,J,J
942 _2udc
_cBK
999 _c33177
_d33177